States That Beat Rhode Island - Statistics

General Stats
  • This quiz has been taken 138 times
    106 since last reset
  • The average score is 11 of 13
Answer Stats
Rank Category Answer % Correct
8 Most Lighthouses Michigan | Massachusetts | Maine | New York | Wisconsin | California | Florida
96%
10 Oldest Median Age Maine | Vermont | New Hampshire | West Virginia | Florida | Connecticut | Delaware | Pennsylvania | Montana
94%
7(t) Longest Name* Massachusetts | North Carolina | South Carolina | New Hampshire | Pennsylvania | West Virginia | Connecticut(t) | Mississippi(t) | North Dakota(t) | South Dakota(t)
91%
7 Least Populated Wyoming | Vermont | Alaska | North Dakota | South Dakota | Delaware
91%
3 Easternmost State Capital Maine | Massachusetts
90%
10 Least Happy New York | Connecticut | New Jersey | Michigan | Indiana | California | Illinois | Ohio | Massachusetts
90%
8 Highest Taxes New York | Hawaii | Vermont | Maine | Minnesota | Connecticut | New Jersey
90%
5 Lowest Highest Point Florida | Delaware | Louisiana | Mississippi
85%
9 Fewest Per Capita Traffic Fatalities New York | Massachusetts | Minnesota | New Jersey | Hawaii | Washington | New Hampshire | Connecticut
82%
2(t) Fewest Counties or County-Equivalents Delaware | Hawaii(t)
80%
2 Highest Population Density New Jersey
73%
7 Slowest Growing (1960-2019) West Virginia | Pennsylvania | Iowa | New York | Ohio | North Dakota
73%
2 Lowest Gun Ownership Rate Delaware
56%
No matching quizzes found
Score Distribution
Percent of People with Each Score
Percentile by Number Answered
Your Score History
You have not taken this quiz since the last reset